000 00442nam a2200193Ia 4500
003 0100
008 130303s9999 xx 000 0 und d
040 _cARRUPELIB
050 _aHX654.F57 1971
100 _aFitzgerald, George R
245 _aCommunes
245 _btheir goals, hopes, problems
260 _aNY
260 _bPaulist Pr.
260 _C1971
300 _a214p
650 _bEncyclopedia and Dictionaries
942 0 0 _01
999 _c32466
_d32466